Piłkarze, którzy strzelili ponad 100 bramek w Premier League - Statystyki

Ogólne statystyki
  • Ten quiz został rozwiązany 362 razy
  • Średni wynik to 11 z 29
Statystyki odpowiedzi
Ilość goli Drużyna w której grał najwięcej Piłkarz % Poprawnych
208 Manchester United Wayne Rooney
84%
260 Newcastle Alan Shearer
82%
143 Tottenham Harry Kane
80%
180 Manchester City Sergio Agüero
74%
175 Arsenal Thierry Henry
71%
104 Chelsea Didier Drogba
69%
177 Chelsea Frank Lampard
61%
103 Leicester City Jamie Vardy
61%
120 Liverpool Steven Gerrard
50%
109 Manchester United Ryan Giggs
49%
144 Arsenal Robin van Persie
47%
150 Liverpool Michael Owen
43%
187 Manchester United Andy Cole
31%
108 Stoke City Peter Crouch
31%
107 Manchester United Paul Scholes
27%
162 Tottenham Jermain Defoe
24%
163 Liverpool Robbie Fowler
23%
123 Manchester United Dwight Yorke
20%
125 Chelsea Nicolas Anelka
19%
113 Everton Romelu Lukaku
19%
113 Arsenal Ian Wright
18%
146 Tottenham Teddy Sheringham
18%
126 Tottenham Robbie Keane
17%
127 Chelsea Jimmy Floyd Hasselbaink
10%
149 Queens Park Rangers Les Ferdinand
10%
110 Leicester City Emile Heskey
8%
106 Sunderland Darren Bent
6%
100 Southampton Matt Le Tissier
5%
111 Coventry City Dion Dublin
3%
Nie znaleziono quizów pasujących do podanych kryteriów
Rozkład punktacji
Procent ludzi z każdym wynikiem
Percentyl według liczby udzielonych odpowiedzi
Twoja historia wyników
Nie rozwiązałeś tego quizu